| 000 | 00461 a2200169 4500 | ||
|---|---|---|---|
| 020 | _a9780070660854 | ||
| 082 | _a629.1323 AND | ||
| 090 |
_c40046 _d40045 |
||
| 100 | _aJohn D Anderson | ||
| 245 |
_aFundamentals of Aerodynamics 5th/Ed _cJohn D Anderson _hEnglish |
||
| 250 | _a5 th | ||
| 260 |
_aNew Delhi _bTata McGraw Hill _c2011 |
||
| 300 | _axxiv 1036 p | ||
| 500 | _aDOS BS Reference Books | ||
| 505 | _aAHQ Books | ||
| 942 |
_acaenust _k629.1323 AND _cAE |
||
| 999 |
_c476242 _d476242 |
||